• 首页
  • 本馆介绍
  • 公告通知
  • 最新文献
  • 馆藏检索
  • 电子资源
  • 读者导购
  • 参考咨询
  • 我的图书馆
  • 登录
  • 详细信息显示
  • 放入我的书架
  • 预约/预借图书
  • 作者相关作品
  • 分类相关作品
  • 丛书相关作品
  • 出版社相关作品

书目信息

  • 表格格式
  • 工作单格式
  • 卡片格式
题名:
化学
    
 
作者: 马爱军 , 刘超 著
分册:   农林牧渔类
出版信息: 北京   电子工业出版社  2012
页数: 182页
开本: 26cm
丛书名:
单 册:
中图分类: G634.81
科图分类:
主题词: 中学化学课--职业高中--教材
电子资源:
ISBN: 978-7-121-17564-0
000 00858nam0 2200253 450
001 012015000300
005 20150914151903.04
010    @a978-7-121-17564-0@dCNY23.00
100    @a20120930d2012 em y0chiy50 ea
101 0  @achi
102    @aCN@b110000
105    @ay z 000yy
106    @ar
200 1  @a化学@Ahua xue@i农林牧渔类@f马爱军,刘超著
210    @a北京@c电子工业出版社@d2012
215    @a182页@d26cm
300    @a中等职业学校公共课教学用书
330    @a本书主要内容有:原子结构和化学键,溶液的浓度,常见非金属、金属单质及其化合物,化学反应速率与化学平衡,电解质溶液,烃,烃的衍生物,糖类、脂类和蛋白质,高分子化合物和化学实验。
606 0  @a中学化学课@x职业高中@j教材
690    @aG634.81@v5
701  0 @a马爱军@Ama ai jun@4著
701  0 @a刘超@Aliu chao@4著
801  0 @aCN@b碧洲教育@c20150716
905    @a10447@f4@dG634.81@e1149
    
    化学.农林牧渔类/马爱军,刘超著.-北京:电子工业出版社,2012
    182页;26cm
    中等职业学校公共课教学用书
    
    ISBN 978-7-121-17564-0:CNY23.00
    本书主要内容有:原子结构和化学键,溶液的浓度,常见非金属、金属单质及其化合物,化学反应速率与化学平衡,电解质溶液,烃,烃的衍生物,糖类、脂类和蛋白质,高分子化合物和化学实验。
●
相关链接 在E读中查询图书 在五车中查询图书 在当当中查询图书 在豆瓣中查询图书


正题名:化学     索取号:G634.81/1149         预约/预借

序号 登录号 条形码 馆藏地/架位号 状态 备注
1 0849840   208498400   第一样本阅览室/ [索取号:G634.81/1149] 在馆    
2 0849841   208498419   第四借阅区/ [索取号:G634.81/1149] 在馆    
3 0849842   208498428   第四借阅区/ [索取号:G634.81/1149] 在馆    
4 0849843   208498437   第四借阅区/ [索取号:G634.81/1149] 在馆    
唐山师范学院图书馆 欢迎您!
大连网信软件有限公司© 版权所有